| 000 | 00554cam a2200217ua 4500 | ||
|---|---|---|---|
| 020 | _cRs 6.50 | ||
| 041 |
_aeng _h |
||
| 082 |
_a516.3 _bMAN/TE |
||
| 100 | _aManicavachagom Pillai, T K . | ||
| 245 |
_aText book of analytical geometry / _cT K Manicavachagom Pillai. _hTextual Documents |
||
| 250 |
_a1 / _b. |
||
| 260 |
_aChennai : _bS.Viswanathan , _c1964. |
||
| 300 | _a568 ; . | ||
| 365 | _aRs 6.50 | ||
| 504 | _a | ||
| 700 | 1 | _aNatarajan, T . | |
| 942 | _cBK | ||
| 999 |
_c246 _d246 |
||